Click South American Capitals On A Map - V2 - Statistics

General Stats
  • This quiz has been taken 25 times
  • The average score is 14 of 15
Answers on the Map
Answers color-coded by a green-red scale on the quiz's map according to % correct below.
 
Answer Stats
Answer % Correct
Bogotá
95%
Brasília
95%
Buenos Aires
95%
Georgetown
95%
Lima
95%
Santiago
95%
Asunción
91%
Caracas
91%
Montevideo
91%
Quito
91%
Stanley
91%
Sucre
91%
Paramaribo
86%
Cayenne
82%
La Paz
82%
No matching quizzes found
Score Distribution
Percent of People with Each Score
Percentile by Number Answered
Your Score History
You have not taken this quiz